000 00565nam a2200181Ia 4500
008 100921s9999 xx 000 0 und d
082 _b10668
_a820 थ 37
100 _aCole Mabel Cook,Cole Fay Cooper.
245 _aThe Story Of Man.
260 _bयुनिव्हरसिटी ऑफ नॉलेज,शिकागो.
_c1937
300 _a383
_b---
365 _b0
520 _aललित इंग्रजी.
630 _aThe Story Of Man.
650 _aललित इंग्रजी.
730 _aThe Story Of Man.
942 _cBOOK
999 _c759781
_d759778